| 000 | 00432nam a2200157Ia 4500 | ||
|---|---|---|---|
| 005 | 20250508152811.0 | ||
| 008 | 008 250505s9999 xx 000 0 eng d | ||
| 037 | _aTextual | ||
| 040 |
_aFEDL _beng _cFEDL |
||
| 041 |
_aeng _2eng |
||
| 084 |
_a372.95412, BIH _qFEDL |
||
| 245 | 0 | _aDraft syllabus for elementary schools in Bihar | |
| 300 | _a115p. | ||
| 942 |
_cTEXL _h372.95412, BIH |
||
| 999 |
_c1338840 _d1338840 |
||